000 00597nam a2200169 a 4500
001 BRCA_1877
005 20190320203602.0
008 100608s1996----mx-#---###---#000-0#spa-#
050 4 _aAM2
_b.C65 1996
245 1 0 _aTercer coloquio los museos y el tercer milenio.
260 _aMéxico
_bFederación Mexicana de Asociaciones de Amigos de los Museos
_c1996
300 _a164 p.
_c21 cm.
500 _aMemoria del coloquio realizado en la Ciudad de México, septiembre 1996
650 1 4 _aMuseos de arte
_xCongresos
_zMéxico
_95806
650 1 4 _aMuseología
_xCongresos
_zMéxico
_95807
942 _2lcc
_cB
999 _c1654
_d1654